100 Biggest Cities of Ireland on a Map - Statistics

General Stats
  • This quiz has been taken 363 times
    339 since last reset
  • The average score is 28 of 100
Answers on the Map
Answers color-coded by a green-red scale on the quiz's map according to % correct below.
 
Answer Stats
Population City % Correct
592,713 Dublin
99%
224,004 Cork
98%
84,414 Galway
91%
102,287 Limerick
91%
60,079 Waterford
78%
20,608 Sligo
70%
27,184 Kilkenny
65%
21,524 Wexford
62%
43,112 Dundalk
55%
44,135 Drogheda
49%
12,957 Wicklow
47%
5,387 Tipperary
45%
40,776 Swords
42%
11,741 Cavan
41%
26,079 Tralee
40%
27,351 Carlow
38%
27,923 Ennis
38%
10,302 Kildare
38%
14,412 Killarney
38%
6,555 Roscommon
38%
22,869 Athlone
37%
33,512 Bray
37%
14,148 Cobh
37%
10,256 Shannon
37%
22,549 Letterkenny
36%
7,894 Monaghan
34%
23,494 Portlaoise
34%
13,054 Castlebar
33%
26,180 Naas
33%
33,886 Navan
33%
10,952 Longford
30%
22,667 Mullingar
30%
6,872 Westport
30%
15,598 Tullamore
29%
10,556 Ballina
28%
13,399 Arklow
27%
4,743 Carrick-on-Shannon
25%
18,608 Malahide
25%
18,369 Clonmel
24%
12,310 Enniscorthy
24%
5,991 Kinsale
24%
22,009 Greystones
23%
17,259 Maynooth
23%
9,647 Tuam
23%
6,608 Kells
22%
13,456 Mallow
22%
24,366 Newbridge
22%
24,322 Balbriggan
21%
4,805 Cashel
21%
10,081 Dungarvan
21%
11,517 Gorey
21%
13,906 Midleton
21%
9,895 Nenagh
21%
8,610 New Ross
21%
8,185 Thurles
21%
11,277 Tramore
21%
8,564 Youghal
21%
5,112 Clonakilty
20%
9,563 Trim
20%
5,478 Ardee
19%
15,680 Ashbourne
19%
6,597 Ballinasloe
19%
18,239 Carrigaline
19%
20,601 Celbridge
19%
6,720 Fermoy
19%
16,733 Leixlip
19%
4,794 Listowel
19%
9,288 Portarlington
19%
10,875 Rush
19%
11,035 Athy
18%
8,196 Bandon
18%
5,752 Carrick-on-Suir
18%
10,743 Skerries
18%
5,406 Ballybofey
17%
6,971 Buncrana
17%
5,745 Carrickmacross
17%
7,209 Newcastle West
17%
10,750 Portmarnock
17%
8,152 Clane
16%
15,642 Laytown
16%
6,322 Loughrea
16%
5,819 Oranmore
16%
5,611 Blessington
15%
8,674 Kilcock
15%
8,806 Lusk
15%
10,077 Ratoath
15%
5,542 Roscrea
15%
5,568 Carrigtwohill
14%
9,669 Donabate
14%
7,155 Dunboyne
14%
6,051 Passage West
14%
7,888 Edenderry
13%
5,792 Rathcoole
13%
5,138 Tullow
13%
5,307 Monasterevin
12%
4,905 Mountmellick
10%
6,269 Sallins
10%
7,526 Kinsealy
9%
6,644 Dunshaughlin
8%
4,899 Duleek
7%
No matching quizzes found
Score Distribution
Percent of People with Each Score
Percentile by Number Answered
Your Score History
You have not taken this quiz since the last reset